000 00341nam a2200133Ia 4500
005 20251222143224.0
008 251222s9999||||xx |||||||||||||| ||spa||
020 _a84-206-0123-3
082 _a709.022/R33
100 _aRecht, Roland
245 0 _aHistoria Ilustrada de Las Formas Artísticas:
264 _bAlianza Editorial
942 _cLIB
999 _c13917
_d13917